000 00755nam a2200289Ia 4500
005 20260324135110.0
008 008 260324s9999 xx 000 0 eng d
020 _a9781315204260
037 _aEBOOK
040 _aCRL
040 _beng
040 _cCRL
041 _2eng
041 _aeng
084 _qCRL
100 _aNeela Mukherjee
_9996336
245 0 _aAlternative Perspectives on Livelihoods, Agriculture and Air Pollution
245 0 _bAgriculture in Urban and Peri-urban Areas in a Developing Country
260 _bTaylor and Francis
260 _c2001
365 _a
365 _b160
856 _uhttp://www.taylorfrancis.com/books/9781315204260
942 _cEBOOK
999 _c1800060
_d1800060